000 00343nam a2200145 a 4500
999 _c23567
_d23567
005 20240214075545.0
008 101209s1991|||| d
020 _c10
040 _csl
041 _aslo
044 _axo
_cSK
100 1 _aKandráčová, Monika
_93896
245 1 0 _aDze ši, Sosňičko, rosla
260 _bA.R.I.
_aPrešov
_c1991